000
00339nam a2200145Ia 4500
008
150201s2008 xx 000 0 und d
082
_a
617.6
_b
O2008G
100
_a
GHOM,ANIL
245
_a
TEXT BOOK OF ORAL RADIOLOGY
250
_a
1ST
260
_b
ELSEVIER
_a
DELHI
_c
2008
300
_a
1-681
650
_a
RADIOLOGY
942
_2
ddc
_c
BK
_0
6
999
_c
4143
_d
4143